Popularne zagraniczne piosenki w Polsce. 02-08.04 Spotify - Statystyki

Ogólne statystyki
  • Ten quiz został rozwiązany 6 razy
  • Średni wynik to 7 z 30
Statystyki odpowiedzi
Wykonawca Odsłuchania Utwór % Poprawnych
Harry Styles 225K Watermelon Sugar
80%
The Weeknd 289K Blinding Lights
60%
Olivia Rodrigo 362K drivers license
40%
Dua Lipa, DaBaby 251K Levitating
40%
Lil Nas X 688K MONTERO (Call Me By Your Name)
40%
24kGoldn, iann dior 206K Mood
40%
Justin Bieber, Daniel Caesar, Giveon 447K Peaches
40%
Cardi B 192K Up
40%
Tate McRae 180K you broke me first
40%
Robin Schulz, KIDDO 170K All We Got
20%
Duncan Laurence 196K Arcade
20%
Masked Wolf 414K Astronaut In The Ocean
20%
Riton, Nightcrawlers, Mufasa, Hypeman 467K Friday
20%
Joel Corry, MNEK 180K Head & Heart
20%
Ofenbach, Quarterhead, Norma Jean Martine 189K Head Shoulders Knees & Toes
20%
Bruno Mars, Anderson .Paak, Silk Sonic 189K Leave The Door Open
20%
MEDUZA, Dermot Kennedy 222K Paradise
20%
Miley Cyrus, Dua Lipa 233K Prisoner
20%
The Weeknd 348K Save Your Tears
20%
The Neighbourhood 230K Sweater Weather
20%
Ofenbach, Lagique 219K Wasted Love
20%
Dua Lipa 206K We're Good
20%
ATB, Topic, A7S 236K Your Love (9PM)
20%
The Neighbourhood 172K Daddy Issues
0%
Olivia Rodrigo 194K deja vu
0%
Ava Max 203K My Head & My Heart
0%
Doja Cat 246K Streets
0%
Kali Uchis 184K telepatia
0%
Tiësto 319K The Business
0%
The Kid LAROI 172K WITHOUT YOU
0%
Nie znaleziono quizów pasujących do podanych kryteriów
Rozkład punktacji
Procent ludzi z każdym wynikiem
Percentyl według liczby udzielonych odpowiedzi
Twoja historia wyników
Nie rozwiązałeś tego quizu